000 00512nam a22001577a 4500
003 NUST
038 _aNusrat Nadeem
082 _a200
100 _aShabbir, Muhammad
_9132740
245 _aThe Influence of Immigrant Business Ownership on International Trade/
_cMuhammad Shabbir,
264 _aIslamabad:
_bNBS NUST.
_c2025.
650 _aExecutive MBA 
_9125080
700 _aSupervisor: Dr Shujahat Haider Hashmi
_9132741
856 _uhttp://10.250.8.41:8080/xmlui/handle/123456789/56883
942 _2ddc
_cSC
999 _c615797
_d615797